000
00305nam a2200121Ia 4500
008
191201s2005 xx 000 0 und d
100
_a
HARVARD BUSINESS PRESS
245
0
_a
Power, Influence, and Persuasion
260
_a
N. Delhi
_b
HBR PRESS
_c
2005
300
_a
168
650
_a
B.Tech(CE)
942
_2
ddc
_c
BK
999
_c
390
_d
390